| 000 | 00752nam a22001577a 4500 | ||
|---|---|---|---|
| 003 | OSt | ||
| 005 | 20151003162723.0 | ||
| 008 | 151003b xxu||||| |||| 00| 0 eng d | ||
| 040 | _cRUA | ||
| 082 | _aAVM SOU 1998 B071 Or.1 | ||
| 100 |
_91942 _aSOUN, SOM OL. |
||
| 245 | _aThe effectiveness of natural insemination compared with artificial insemination of pigs in yu toong farm, ប្រសិទ្ធភាពនៃការបង្កាត់ដោយធម្មជាតិប្រៀបធៀបនឹងការបង្កាត់ដោយសិប្បនិម្មិតនៃសត្វជ្រូក នៅស្ថានីយយូទុង | ||
| 260 |
_aPhnom Penh _bRUA _c1998 |
||
| 300 |
_a55p. _bill. _c29cm. |
||
| 942 |
_2ddc _cAVM |
||
| 999 |
_c1835 _d1835 |
||